000 00214nam a2200085Ia 4500
245 0 _aWhat a day!
100 _a HARVEY, Damian Oxford, 2009
_984086
942 _cBK
008 210819s9999 xx 000 0 und d
999 _c307768
_d307767